000 00516nam a22001817a 4500
005 20260428120241.0
008 260428b |||||||| |||| 00| 0 eng d
020 _a978-1-285-16287-4
050 _aQA 76.5 .V47 2014
100 _aVERMAAT, MISTY E.
245 _aDISCOVERING COMPUTERS ESSENTIALS.
260 _aAUSTRALIA,
_bCENGAGE LEARNING.,
_c2014.
300 _aXXI, 246 P, ILL
500 _aINCLUDES INDEX.
650 _aCOMPUTERS.
700 _aSEBOK, SUSAN L. 2. FREUND, STEVEN M.
942 _2lcc
_cBK
999 _c217060
_d217060